LEADER 02754nam 2200673Ia 450 001 9910456895803321 005 20200520144314.0 010 $a1-282-45273-8 010 $a9786612452734 010 $a1-4411-8468-6 035 $a(CKB)2550000000001857 035 $a(EBL)472795 035 $a(OCoLC)562577771 035 $a(SSID)ssj0000343468 035 $a(PQKBManifestationID)12151352 035 $a(PQKBTitleCode)TC0000343468 035 $a(PQKBWorkID)10290430 035 $a(PQKB)10436378 035 $a(MiAaPQ)EBC472795 035 $a(Au-PeEL)EBL472795 035 $a(CaPaEBR)ebr10362009 035 $a(CaONFJC)MIL245273 035 $a(OCoLC)893334767 035 $a(EXLCZ)992550000000001857 100 $a20031203d2003 uy 0 101 0 $aeng 135 $aur|n|---||||| 181 $ctxt 182 $cc 183 $acr 200 10$aSystematic reviews$b[electronic resource] /$fCarole Torgerson 210 $aNew York $cContinuum$d2003 215 $a1 online resource (113 p.) 225 1 $aContinuum research methods 300 $aDescription based upon print version of record. 311 $a0-8264-6580-3 320 $aIncludes bibliographical references (p. 92-100) and index. 327 $aContents; Series Editor's Introduction; Acknowledgements; Scope of the Book; Glossary; 1 Background: Evidence-based Education; 2 The Nature of Evidence in Effectiveness Research; 3 The Stages of a Systematic Review; 4 Developing a Protocol; Searching and Screening; Data Extraction; 5 Quality Appraisal; 6 Publication Bias; 7 Data Synthesis and Meta-analysis; 8 Conclusions; Suggested Further Reading; References; Index 330 $aAny piece of primary research ought to be preceded by a systematic review. The key advantage of a systematic review over the traditional narrative review is its ability to identify all the available eveidence in a systematic and replicable manner. This book will describe a) the key steps to undertaking a systematic review and b) the process of undertaking a meta-analysis. The book will include step-by-step examples of how to design data extraction forms, search strategies and combine in a meta-analysis. 410 0$aContinuum research methods series. 606 $aResearch 606 $aMeta-analysis 608 $aElectronic books. 615 0$aResearch. 615 0$aMeta-analysis. 676 $a300 676 $a300.72 676 $a300.723 676 $a300/.72 676 $a300/.72/3 676 $a362.10723 700 $aTorgerson$b Carole$0882921 801 0$bMiAaPQ 801 1$bMiAaPQ 801 2$bMiAaPQ 906 $aBOOK 912 $a9910456895803321 996 $aSystematic reviews$91972375 997 $aUNINA LEADER 05283nam 2200637 a 450 001 9910456393403321 005 20200520144314.0 010 $a1-282-73769-4 010 $a9786612737695 010 $a0-8155-2038-7 010 $a0-08-094658-5 035 $a(CKB)2550000000014100 035 $a(EBL)894706 035 $a(OCoLC)613958939 035 $a(SSID)ssj0000419251 035 $a(PQKBManifestationID)11262218 035 $a(PQKBTitleCode)TC0000419251 035 $a(PQKBWorkID)10401254 035 $a(PQKB)10207354 035 $a(MiAaPQ)EBC894706 035 $a(Au-PeEL)EBL894706 035 $a(CaPaEBR)ebr10408179 035 $a(CaONFJC)MIL273769 035 $a(EXLCZ)992550000000014100 100 $a20100823d2010 uy 0 101 0 $aeng 135 $aur|n|---||||| 181 $ctxt 182 $cc 183 $acr 200 10$aHandbook of physical vapor deposition (PVD) processing$b[electronic resource] /$fDonald M. Mattox 205 $a2nd ed. 210 $aAmsterdam $cElsevier$d2010 215 $a1 online resource (793 p.) 300 $aDescription based upon print version of record. 311 $a0-8155-2037-9 320 $aIncludes bibliographical references and index. 327 $aFront Cover; Handbook of Physical Vapor Deposition (PVD) Processing; Copyright Page; Contents; Preface to First Edition; Preface to Second Edition; Acknowledgements; Acronyms; Biography; Chapter 1: Introduction; 1.1 Surface Engineering; 1.1.1 Physical Vapor Deposition (PVD) Processes; 1.1.2 Non-PVD Thin Film Atomistic Deposition Processes; 1.1.3 Applications of Vacuum-deposited Materials; 1.2 Thin Film Processing; 1.2.1 Stages of Fabrication; 1.2.2 Factors that Affect Film Properties; 1.2.3 Scale-Up and Manufacturability; 1.3 Process Documentation; 1.3.1 Process Specifications 327 $a1.3.2 Manufacturing Process Instructions (MPIs)1.3.3 Travelers; 1.3.4 Equipment and Calibration Logs; 1.3.5 Commercial/Military Standards and Specifications (Mil Specs); 1.4 Safety and Environmental Concerns; 1.5 Units; 1.5.1 Temperature Scales; 1.5.2 Energy Units; 1.5.3 Prefixes; 1.5.4 The Greek Alphabet; 1.6 Summary; Chapter 2: Substrate (""Real"") Surfaces and Surface Modification; 2.1 Introduction; 2.2 Materials and Fabrication; 2.2.1 Metals; 2.2.2 Ceramics and Glasses; 2.2.3 Polymers; 2.3 Atomic Structure and Atom-particle Interactions; 2.3.1 Atomic Structure and Nomenclature 327 $a2.3.2 Excitation and Atomic Transitions2.3.3 Chemical Bonding; 2.3.4 Probing and Detected Species; 2.4 Characterization of Surfaces and Near-surface Regions; 2.4.1 Elemental (Chemical) Compositional Analysis; 2.4.2 Phase Composition and Microstructure; 2.4.3 Molecular Composition and Chemical Bonding; 2.4.4 Surface Morphology; 2.4.5 Adsorption - Gases and Liquids; 2.4.6 Mechanical and Thermal Properties of Surfaces; 2.4.7 Surface Energy and Surface Tension; 2.4.8 Acidic and Basic Properties of Surfaces; 2.5 Bulk Properties; 2.5.1 Outgassing; 2.5.2 Outdiffusion 327 $a2.6 Modification of Substrate Surfaces2.6.1 Surface Morphology; 2.6.2 Surface Hardness; 2.6.3 Strengthening of Surfaces; 2.6.4 Surface Composition; 2.6.5 Surface ""Activation"" (""Functionalization""); 2.6.6 Surface ""Sensitization""; 2.7 Summary; Chapter 3: The ""Good"" Vacuum (Low Pressure) Processing Environment; 3.1 Introduction; 3.2 Gases and Vapors; 3.2.1 Gas Pressure and Partial Pressure; 3.2.2 Molecular Motion; 3.2.3 Gas Flow; 3.2.4 Ideal Gas Law; 3.2.5 Vapor Pressure and Condensation; 3.3 Gas-surface Interactions; 3.3.1 Residence Time; 3.3.2 Chemical Interactions 327 $a3.4 Vacuum Environment3.4.1 Origin of Gases and Vapors; 3.5 Vacuum Processing Systems; 3.5.1 System Design Considerations and ""Trade-Offs""; 3.5.2 Processing Chamber Configurations; 3.5.3 Equilibrium Conductance; 3.5.4 Pumping Speed and Mass Throughput; 3.5.5 Fixturing and Tooling; 3.5.6 Feedthroughs and Accessories; 3.5.7 Liners and Shields; 3.5.8 Fail-Safe Designs; 3.6 Vacuum pumping; 3.6.1 Mechanical Pumps; 3.6.2 Momentum Transfer Pumps; 3.6.3 Capture Pumps; 3.6.4 Hybrid Pumps; 3.7 Vacuum- and Plasma-Compatible Materials; 3.7.1 Metals; 3.7.2 Ceramic and Glass Materials; 3.7.3 Polymers 327 $a3.8 Assembly 330 $aThis updated version of the popular handbook further explains all aspects of physical vapor deposition (PVD) process technology from the characterizing and preparing the substrate material, through deposition processing and film characterization, to post-deposition processing. The emphasis of the new edition remains on the aspects of the process flow that are critical to economical deposition of films that can meet the required performance specifications, with additional information to support the original material. The book covers subjects seldom treated in the literature: substrate 606 $aPhysical vapor deposition$vHandbooks, manuals, etc 608 $aElectronic books. 615 0$aPhysical vapor deposition 676 $a671.735 700 $aMattox$b D. M$0964240 801 0$bMiAaPQ 801 1$bMiAaPQ 801 2$bMiAaPQ 906 $aBOOK 912 $a9910456393403321 996 $aHandbook of physical vapor deposition (PVD) processing$92238624 997 $aUNINA LEADER 04203nam 2200673 450 001 9910787935803321 005 20200903223051.0 010 $a90-04-28164-9 024 7 $a10.1163/9789004281646 035 $a(CKB)2670000000571209 035 $a(EBL)1815778 035 $a(SSID)ssj0001347344 035 $a(PQKBManifestationID)11788629 035 $a(PQKBTitleCode)TC0001347344 035 $a(PQKBWorkID)11350281 035 $a(PQKB)10199487 035 $a(MiAaPQ)EBC1815778 035 $a(OCoLC)884242826$z(OCoLC)891567052 035 $a(nllekb)BRILL9789004281646 035 $a(Au-PeEL)EBL1815778 035 $a(CaPaEBR)ebr10953613 035 $a(CaONFJC)MIL651307 035 $a(OCoLC)893333654 035 $a(PPN)184915473 035 $a(EXLCZ)992670000000571209 100 $a20141021h20152015 uy 0 101 0 $aeng 135 $aur|n|---||||| 181 $ctxt 182 $cc 183 $acr 200 04$aThe divine courtroom in comparative perspective /$fedited by Ari Mermelstein and Shalom E. Holtz 210 1$aLeiden, Netherlands :$cBrill,$d2015. 210 4$dİ2015 215 $a1 online resource (314 p.) 225 1 $aBiblical Interpretation Series,$x0928-0731 ;$vVolume 132 300 $aIncludes index. 311 $a90-04-28163-0 311 $a1-322-20027-0 320 $aIncludes bibliographical references and index. 327 $tPreliminary Material -- $t1 Introduction: The Divine Courtroom in Comparative Perspective /$rAri Mermelstein and Shalom E. Holtz -- $t2 Divine Judges on Earth and in Heaven /$rTzvi Abusch -- $t3 The Divine Courtroom Scenes of Daniel 7 and the Qumran Book of Giants: A Textual and Contextual Comparison /$rJoseph L Angel -- $t4 Justice without Judgment: Pure Procedural Justice and the Divine Courtroom in Sifre Deuteronomy /$rChaya Halberstam -- $t5 Rabbi Nissim of Girona on the Heavenly Court, Truth, and Justice /$rWarren Zev Harvey -- $t6 The Divine Courtroom Motif in the Hebrew Bible: A Holistic Approach /$rJob Y. Jindo -- $t7 Getting Perspective: The Divine Courtroom in Tertullian of Carthage?s Apologeticum /$rMeira Z. Kensky -- $t8 Disqualified Olympians: The Skeptical Greek View of Divine Judges /$rVictor Bers and Adriaan Lanni -- $t9 A Life of Jesus as Testimony: The Divine Courtroom and the Gospel of John /$rAndrew T. Lincoln -- $t10 Trying the Crime of Abuse of Royal Authority in the Divine Courtroom and the Incident of Naboth?s Vineyard /$rF. Rachel Magdalene -- $t11 The Invention of the Divine Courtroom in the Book of Job /$rCarol A. Newsom -- $t12 The Q??? Before the Judge: The Social Use of Eschatology in Muslim Courts /$rMathieu Tillier -- $t13 Lawsuits against God in Rabbinic Literature /$rDov Weiss -- $tIndex of Primary Sources. 330 $aContributors to The Divine Courtroom in Comparative Perspective treat one of the most pervasive religious metaphors, that of the divine courtroom, in both its historical and thematic senses. In order to shed light on the various manifestations of the divine courtroom, this volume consists of essays by scholars of the ancient Near East, Hebrew Bible, Second Temple Judaism, early Christianity, Talmud, Islam, medieval Judaism, and classical Greek literature. Contributions to the volume primarily center upon three related facets of the divine courtroom: the role of the divine courtroom in the earthly legal system; the divine courtroom as the site of historical justice; and the divine courtroom as the venue in which God is called to answer for his own unjust acts. 410 0$aBiblical interpretation series ;$vVolume 132. 606 $aComparative religious law$vCongresses 606 $aReligion and justice$vCongresses 606 $aJustice$xReligious aspects$vCongresses 615 0$aComparative religious law 615 0$aReligion and justice 615 0$aJustice$xReligious aspects 676 $a202/.117 702 $aMermelstein$b Ari 702 $aHoltz$b Shalom E. 801 0$bMiAaPQ 801 1$bMiAaPQ 801 2$bMiAaPQ 906 $aBOOK 912 $a9910787935803321 996 $aThe divine courtroom in comparative perspective$93688017 997 $aUNINA LEADER 04229oam 2200673I 450 001 9910797359203321 005 20230807221046.0 010 $a0-429-15448-8 010 $a1-77188-239-5 024 7 $a10.1201/b18712 035 $a(CKB)3710000000446068 035 $a(EBL)2122542 035 $a(OCoLC)916953946 035 $a(SSID)ssj0001520349 035 $a(PQKBManifestationID)12617393 035 $a(PQKBTitleCode)TC0001520349 035 $a(PQKBWorkID)11525470 035 $a(PQKB)10958123 035 $a(MiAaPQ)EBC4087704 035 $a(MiAaPQ)EBC2122542 035 $a(OCoLC)913955907 035 $a(Au-PeEL)EBL2122542 035 $a(EXLCZ)993710000000446068 100 $a20180331d2015 uy 0 101 0 $aeng 135 $aur|n|---||||| 181 $ctxt 182 $cc 183 $acr 200 00$aSolid waste as a renewable resource $emethodologies /$fedited by Jimmy Alexander Faria Albanese, PhD and M. Pilar Ruiz, PhD 210 1$aToronto ;$aNew Jersey :$cApple Academic Press,$d2015. 215 $a1 online resource (296 p.) 300 $aDescription based upon print version of record. 311 $a1-77188-243-3 320 $aIncludes bibliographical references and index. 327 $a""Front Cover""; ""About The Editors""; ""Contents""; ""Acknowledgment And How To Cite""; ""List Of Contributors""; ""Introduction""; ""Part 1 Foundations""; ""Chapter 1 Energy Recovery From Municipal And Industrial Wastes: How Much Green?""; ""Chapter 2 Energy Recovery Potential And Life Cycle Impact Assessment Of Municipal Solid Waste Management Technologies In Asian Countries Using Elp Model""; ""Part 2 Anaerobic Digestion""; ""Chapter 3 Utilization Of Household Food Waste For The Production Of Ethanol At High Dry Material Content"" 327 $a""Chapter 4 Production Of Fungal Glucoamylase For Glucose Production From Food Waste""""Part 3 Composting""; ""Chapter 5 Changes In Selected Hydrophobic Components During Composting Of Municipal Solid Wastes""; ""Chapter 6 Transforming Municipal Waste Into A Valuable Soil Conditioner Through Knowledge- Based Resource- Recovery Management""; ""Part 4 Pyrolysis And Chemical Upgrading""; ""Chapter 7 Furfurals As Chemical Platform For Biofuels Production""; ""Part 5 Incineration And Carbonization"" 327 $a""Chapter 8 Incineration Of Pre- Treated Municipal Solid Waste ( Msw) For Energy Co- Generation In A Non- Densely Populated Area""""Chapter 9 Gaseous Emissions During Concurrent Combustion Of Biomass And Non- Recyclable Municipal Solid Waste""; ""Chapter 10 Environmental Effects Of Sewage Sludge Carbonization And Other Treatment Alternatives""; ""Part 6 Gasification""; ""Chapter 11 An Experimental And Numerical Investigation Of Fluidized Bed Gasification Of Solid Waste""; ""Chapter 12 Gasification Of Plastic Waste As Waste- To- Energy Or Waste- To- Syngas Recovery Route""; ""Author Notes"" 327 $a""Back Cover"" 330 $aThe twenty-first century world faces several enormous challenges: how to mitigate climate change, meet a growing energy demand without relying on fossil fuels, and manage the escalating quantities of solid waste generated by cities around the world. This compendium volume offers a viable solution to all three: using solid waste as a renewable resource.Intended for a wide audience ranging from engineers and academics to decision-makers in both the public and private sectors, this volume has gathered together research into a range of technologies and methodologies. The editors, two well-publishe 606 $aRecycling (Waste, etc.) 606 $aCompost 606 $aRefuse and refuse disposal$xManagement 606 $aWaste products as fuel 615 0$aRecycling (Waste, etc.) 615 0$aCompost. 615 0$aRefuse and refuse disposal$xManagement. 615 0$aWaste products as fuel. 676 $a628.4/458 676 $a628.4458 702 $aFaria Albanese$b Jimmy Alexander 702 $aRuiz$b M. Pilar$g(Maria Pilar), 801 0$bMiAaPQ 801 1$bMiAaPQ 801 2$bMiAaPQ 906 $aBOOK 912 $a9910797359203321 996 $aSolid waste as a renewable resource$93725488 997 $aUNINA LEADER 02383oam 2200697 a 450 001 9910703304903321 005 20150225085725.0 035 $a(CKB)4950000000077016 035 $a(OCoLC)817725721 035 $a(EXLCZ)994950000000077016 100 $a20121113d2012 ua 0 101 0 $aeng 135 $aurbn||||||||| 181 $ctxt$2rdacontent 182 $cc$2rdamedia 183 $acr$2rdacarrier 200 14$aThe Freedom of Information Act$b[electronic resource] $esafeguarding critical infrastructure information and the public's right to know : hearing before the Committee on the Judiciary, United States Senate, One Hundred Twelfth Congress, second session, March 13, 2012 210 1$aWashington :$cU.S. G.P.O.,$d2012. 215 $a1 online resource (iii, 150 pages) $cillustrations 225 1 $aS. hrg. ;$v112-586 300 $aTitle from title screen (viewed on Nov. 13, 2012). 300 $a"Serial no. J-112-63." 320 $aIncludes bibliographical references. 517 $aFreedom of Information Act 606 $aOfficial secrets$zUnited States 606 $aFreedom of information$zUnited States 606 $aTransparency (Ethics) in government$zUnited States 606 $aPublic safety$zUnited States 606 $aNational security$zUnited States 606 $aInformation policy$zUnited States 606 $aFreedom of information$2fast 606 $aInformation policy$2fast 606 $aNational security$2fast 606 $aOfficial secrets$2fast 606 $aPublic safety$2fast 606 $aTransparency (Ethics) in government$2fast 607 $aUnited States$2fast 615 0$aOfficial secrets 615 0$aFreedom of information 615 0$aTransparency (Ethics) in government 615 0$aPublic safety 615 0$aNational security 615 0$aInformation policy 615 7$aFreedom of information. 615 7$aInformation policy. 615 7$aNational security. 615 7$aOfficial secrets. 615 7$aPublic safety. 615 7$aTransparency (Ethics) in government. 801 0$bGPO 801 1$bGPO 801 2$bSEN 801 2$bGPO 801 2$bOCLCA 801 2$bOCLCF 801 2$bOCLCO 801 2$bGPO 906 $aBOOK 912 $a9910703304903321 996 $aThe Freedom of Information Act$93443041 997 $aUNINA